| 000 | 00579nam a22002177a 4500 | ||
|---|---|---|---|
| 005 | 20241009175106.0 | ||
| 008 | 180919b xxu||||| |||| 00| 0 spa d | ||
| 020 | _a9788499082479 | ||
| 041 | _aESP | ||
| 082 | _a813.6 R846n | ||
| 100 |
_aRothfuss, Patrick _949794 |
||
| 245 | _aEl nombre del viento: crónica del asesino de reyes, primer día | ||
| 260 | _aEspaña | ||
| 260 | _bDebolsillo | ||
| 260 | _c2017 | ||
| 300 | _a877 páginas | ||
| 440 | _aCrónicas del Asesino de Reyes | ||
| 650 | _aLITERATURA ESTADOUNIDENSE | ||
| 650 | _aNOVELA | ||
| 942 |
_cLIT _2ddc |
||
| 999 |
_c11131 _d11131 |
||